MARC

LEADER 00000nam0a2200000 4500
001 35816
005 20231030235243.0
035 |a (RuTPU)RU\TPU\book\36259 
090 |a 35816 
100 |a 20011210d1971 k y0rusy50 ca 
101 0 |a rus 
102 |a RU 
105 |a y z 000zy 
200 1 |a Проектирование импульсных трансформаторов  |f С. С. Вдовин 
210 |a Ленинград  |c Энергия  |d 1971 
215 |a 147 с. 
451 1 |0 (RuTPU)RU\TPU\book\36258  |y 5-283-04484-X  |t Проектирование импульсных трансформаторов  |f С. С. Вдовин  |e 2-е изд., перераб. и доп.  |c Л.  |n Энергоатомиздат  |d 1991  |p 207 с.  |a Вдовин, Сергей Самойлович 
610 1 |a трансформаторы импульсные 
610 1 |a проектирование 
610 1 |a теория 
610 1 |a конструкции 
610 1 |a расчеты 
675 |a 621.314.222  |v 3 
700 1 |a Вдовин  |b С. С.  |g Сергей Самойлович 
801 0 |a RU  |b 63413507  |c 20011210  |g PSBO 
801 2 |a RU  |b 63413507  |c 20210302  |g PSBO 
900 |a Высоковольтная техника 
942 |c BK